| 000 | 00713nam a2200217 4500 | ||
|---|---|---|---|
| 003 | OSt | ||
| 005 | 20260422015859.0 | ||
| 006 | a | ||
| 008 | 240731b |||||||| |||| 00| 0 eng d | ||
| 020 | _a0120643510 | ||
| 040 |
_aDWCL-Main lib. _cOC |
||
| 082 |
_2Second edition _aCirc. 614.1 Ar776i 2005 |
||
| 100 | _aArrigo, Bruce A. | ||
| 245 | _aIntroduction to forensic psychology : issues and controversies in crime and justice / | ||
| 250 | _aSecond edition | ||
| 260 |
_aAmsterdan : _bElsevier Academic Press, _cc2005. |
||
| 300 |
_axxvi, _b571 p. ; _c24 cm. |
||
| 504 | _aIncludes bibliographical references & index. | ||
| 650 | _a1. Forensic psychology. | ||
| 942 |
_2ddc _n0 _cBK-CIRC _eSecond edition _kCirc. |
||
| 999 |
_c3034 _d3034 |
||